000 00684 a2200205 4500
001 62003
005 20260407155913.0
008 260407a1971 arg spa d
003 AR-UNSa-BCEJYS
040 _aAR-UNSa-BCEJYS
_bspa
_cAR-UNSa-BCEJYS
080 _a351.79
_xSupervisión de las vías acuáticas. Medidas relativas al agua
245 1 0 _aRégimen y legislación de las aguas públicas y privadas
264 1 _aBuenos Aires :
_bAbeledo Perrot
_c1971
300 _a630 p.
_c23 cm.
041 _aspa
942 _cBK
590 _aniveau_biblio:m niveau_hierar:0
100 1 _aMarienhoff, Miguel S.
700 1 _aAcademia Nacional de Derecho y Ciencias Sociales de Buenos Aires
999 _c7534
_d7534